| 000 | 00428pab a2200157 454500 | ||
|---|---|---|---|
| 008 | 180718b1989 xxu||||| |||| 00| 0 eng d | ||
| 100 | _aVindhya, U. | ||
| 245 |
_aVoluntary organisations and women's struggle for change _bExperience with BCT |
||
| 260 | _c1989 | ||
| 300 | _a183-97 | ||
| 362 | _aApr. | ||
| 650 | _aSocial Service Agencies | ||
| 700 | _aV. Kalpana | ||
| 773 | _aIndian Journal of Social Work | ||
| 909 | _a18800 | ||
| 999 |
_c18800 _d18800 |
||